50 Years and Still Learning: (Record no. 4616)
[ view plain ]
| 000 -LEADER | |
|---|---|
| fixed length control field | 00687nam a22001817a 4500 |
| 003 - CONTROL NUMBER IDENTIFIER | |
| control field | GBCCL |
| 005 - DATE AND TIME OF LATEST TRANSACTION | |
| control field | 20241126110522.0 |
| 008 - FIXED-LENGTH DATA ELEMENTS--GENERAL INFORMATION | |
| fixed length control field | 180129b xxu||||| |||| 00| 0 eng d |
| 040 ## - CATALOGING SOURCE | |
| Transcribing agency | gbc |
| 082 ## - DEWEY DECIMAL CLASSIFICATION NUMBER | |
| Classification number | 269.2083 |
| Item number | DOH |
| 100 ## - MAIN ENTRY--PERSONAL NAME | |
| Personal name | Doherty, Sam |
| 9 (RLIN) | 5876 |
| 245 ## - TITLE STATEMENT | |
| Title | 50 Years and Still Learning: |
| Remainder of title | The lessons learned by the author, during many years of service with Child Evangelism Fellowship, can help children's workers who are "still learning" / |
| Statement of responsibility, etc. | Sam Doherty |
| 260 ## - PUBLICATION, DISTRIBUTION, ETC. | |
| Place of publication, distribution, etc. | Northern Ireland: |
| Name of publisher, distributor, etc. | Child Evangelism Fellowship Inc., |
| Date of publication, distribution, etc. | 2000 |
| 300 ## - PHYSICAL DESCRIPTION | |
| Extent | 271 p.; |
| Other physical details | ill., |
| Dimensions | 23 cm. |
| 440 ## - SERIES STATEMENT/ADDED ENTRY--TITLE | |
| Title | Manuals for children's workers |
| Volume/sequential designation | 9 |
| 9 (RLIN) | 8498 |
| 650 ## - SUBJECT ADDED ENTRY--TOPICAL TERM | |
| Topical term or geographic name entry element | Evangelism |
| Form subdivision | Children |
| 9 (RLIN) | 8499 |
| 942 ## - ADDED ENTRY ELEMENTS (KOHA) | |
| Source of classification or shelving scheme | Dewey Decimal Classification |
| Koha item type | Books |
| Withdrawn status | Lost status | Source of classification or shelving scheme | Damaged status | Not for loan | Home library | Current Library | Shelving location | Date acquired | Total checkouts | Full call number | Barcode | Date last seen | Copy number | Price effective from | Koha item type | Total renewals | Date last checked out |
|---|---|---|---|---|---|---|---|---|---|---|---|---|---|---|---|---|---|
| Dewey Decimal Classification | GRACE BIBLE COLLEGE | GRACE BIBLE COLLEGE | Ministry & Mission | 2018-01-29 | 269.2083 DOH | 006149 | 2025-05-01 | c.1 | 2018-01-29 | Books | |||||||
| Dewey Decimal Classification | GRACE BIBLE COLLEGE | GRACE BIBLE COLLEGE | Ministry & Mission | 2018-01-29 | 1 | 269.2083 DOH | 006150 | 2026-02-27 | c.2 | 2018-01-29 | Books | 1 | 2026-02-19 |